| 000 | 00546nam a2200193Ia 4500 | ||
|---|---|---|---|
| 003 | LDD | ||
| 008 | 181029s9999 xx 000 0 und d | ||
| 020 |
_a818128237X _c275.00 |
||
| 040 | _cLDD | ||
| 100 | _aMadelung, Otfried | ||
| 245 | 0 |
_aIntroduction to solid-state theory _cOtfried Madelung |
|
| 260 |
_aNew Delhi _bSpringer _c2004 |
||
| 300 | _axi, 481p. | ||
| 365 | _b275.00 | ||
| 901 |
_a3625 _b05-01-2007 |
||
| 902 |
_a49072 _b25-01-2007 _cF _dHBA _e53 |
||
| 903 |
_aDiscount-10 _bReqst by : Lamba Subhalakshmi (Dr.) |
||
| 942 |
_2ddc _cBK |
||
| 999 |
_c77755 _d77755 |
||